000 00498cam a2200193ua 4500
020 _a81-7493-228-3
_c90.00
041 _aeng
_h
082 _a630.33
_bSAD/FU
100 _aSadhu, A.N .
245 _aFundamentals of agricultural economics /
_cA.N.Sadhu.
_hTextual Documents
250 _a3 /
_b.
260 _aMumbai :
_bHimalaya publishing home ,
_c1996.
300 _a419 ; .
365 _a90.00
504 _a
700 1 _aAmarjit, Singh .
942 _cBK
999 _c1599
_d1599